00806cam a22002417a 4500003000500000005001700005008004100022010001000063011001000073035001000083040000900093082001700102100002800119245006200147260007700209300002700286490007900313650002400392650002300416700002300439700002300462830007900485CHAP20220329133901.0971013s1972 r 00010 d a12222 a13194 a17265 cCHAP a581.9721bH300aHastings, James Rodney.13aAn atlas of some plant distributions in the Sonoran deser aTucson, University of Arizona :bInstitute of Atmospheric Physics,c1972 a255 p.b: mapas anexos 0aTechnical reports on the meteorology and climatology of arid regionsv; 2114aBotánicaxSonora.14aFlora desértica.0 aTurner, Raymond M.0 aWarren, Douglas K.0 aTechnical reports on the meteorology and climatology of arid regionsv; 21